An introduction to mathematical modeling: a course in mechanics

Збережено в:
Бібліографічні деталі
Автор: Oden, John Tinsley (Автор)
Формат: Книга
Мова:Англійська
Опубліковано: Hoboken John Wiley and Sons 2011
Редагування:1a. ed
Серія:Wiley Series in Computational Mechanics
Предмети:
Теги: Додати тег
Немає тегів, Будьте першим, хто поставить тег для цього запису!

MARC

LEADER 00000cam a2200000 a 4500
001 UCF9255
003 CL-VaPUC
008 131111e20110000us |||||||||||||||||eng|d
020 |a 9781118019030 
082 0 4 |a 530  |b ODE  |2 21 
100 0 |a Oden, John Tinsley  |e author  |9 571522 
245 1 3 |a An introduction to mathematical modeling: a course in mechanics 
250 |a 1a. ed 
300 |a 334 p 
942 |c BK 
945 |d 20131111 15:03:00  |a cmena 
260 |a Hoboken  |b John Wiley and Sons  |c 2011 
650 0 |a Mecánica analítica  |9 271767 
650 0 |a Mecánica cuántica  |9 306806 
650 7 |a MECANICA CONTINUA  |2 CL-VaPUC  |9 260982 
650 0 |a Funciones (Matemáticas)  |9 338128 
583 |a last modification  |c 20131111 15:03:00  |k Rodrigo Vera 
490 0 |a Wiley Series in Computational Mechanics 
999 |c 353728  |d 353726 
952 |0 0  |1 0  |3 erd  |4 0  |6 530_000000000000000_ODE_2011  |7 0  |8 A  |9 459092  |a BIBMAT  |b BIBMAT  |d 2019-11-23  |i 5026024  |o 530 ODE 2011  |p 5026024  |r 2025-01-07  |w 2019-11-23  |y BK  |z Catalogado en:20131111  |k MAT 
952 |0 0  |1 0  |3 erd  |4 0  |6 530_000000000000000_ODE_2011  |7 0  |8 A  |9 459093  |a BIBMAT  |b BIBMAT  |i 5402069  |o 530 ODE 2011  |p 5402069  |r 2025-01-07  |w 2019-11-23  |y BK  |z Catalogado en:20170626  |k MAT